00739nam a2200229 a 450000100060000000300090000600800410001502000180005604000280007409000100010210000380011224501180015026000410026830000240030949000230033365000310035665000300038765000350041765000280045294200120048099900170049223359CO-ViMGA141112s2004 ck r 000 u spa d a9789974679948 aCO-ViMGAbspacCO-ViMGA aBERDp1 aBerduque, María Carolina93369410aPinguinos juguetones / cadaptación y traducción al español María Carolina Berduque y Juan Cruz de Sabato aUruguay : bLatinbooks International a8 p. / 21 x 17 cm. aLibros para contar14aLibros didácticos93369514aLibros para contar93369614aLiteratura para niños93369714aPoesía Infantil91029 2ddccBK c31576d31576